000 00202nam a2200109Ia 4500
100 _aHANNAH PAKULA
942 _cBK
245 _aTHA LAST ROMANTIC
260 _b#N/A
546 _aENGLISH
999 _c25474
_d25474